[Event "Quebec City-ch"]
[Site "Quebec CAN"]
[Date "2005.08.26"]
[Round "7"]
[White "Valley, Michel"]
[Black "Berube, Antoine"]
[Result "0-1"]
[WhiteElo "2002"]
[BlackElo "2272"]
[PlyCount "74"]
[GameId "2160767910900603"]
[EventDate "2005.08.20"]
[EventType "tourn"]
[EventRounds "7"]
[EventCountry "CAN"]
[SourceTitle "EXT 2007"]
[Source "ChessBase"]
[SourceDate "2006.11.23"]
[SourceVersion "1"]
[SourceVersionDate "2006.11.23"]
[SourceQuality "1"]

1. d4 d5 2. c4 e5 3. dxe5 d4 4. Bf4 Nc6 5. Nf3 Bg4 6. Nbd2 Nge7 7. h3 Bxf3 8. exf3 Ng6 9. Bh2 Ngxe5 10. Qa4 Bd6 11. c5 Bxc5 12. Bxe5 Qe7 13. O-O-O Qxe5 14. Bb5 O-O 15. Rhe1 Qg5 16. Bxc6 bxc6 17. Kb1 Qg6+ 18. Ka1 Rfe8 19. Ne4 Bb6 20. g3 f5 21. Qc4+ Qf7 22. Qxf7+ Kxf7 23. Ng5+ Kf6 24. f4 h6 25. Nf3 c5 26. Ne5 Re6 27. Re2 Rae8 28. Rc2 Rxe5 29. fxe5+ Rxe5 30. b3 f4 31. Rd3 Kf5 32. g4+ Ke6 33. Kb2 Kd5 34. a3 Re1 35. Rcd2 g5 36. Ka2 c4 37. bxc4+ Kxc4 0-1

[Event "Quebec Festival I"]
[Site "Quebec CAN"]
[Date "2005.06.13"]
[Round "1"]
[White "Cournoyer, Dominic"]
[Black "Beaudoin, Stephane"]
[Result "0-1"]
[WhiteElo "1548"]
[BlackElo "2086"]
[PlyCount "66"]
[GameId "2160767910967927"]
[EventDate "2005.06.13"]
[EventType "swiss"]
[EventRounds "5"]
[EventCountry "CAN"]
[SourceTitle "EXT 2009"]
[Source "ChessBase"]
[SourceDate "2008.11.26"]
[SourceVersion "1"]
[SourceVersionDate "2008.11.26"]
[SourceQuality "1"]

1. c4 e5 2. Nc3 Nf6 3. Nf3 Nc6 4. g3 d5 5. cxd5 Nxd5 6. Nxd5 Qxd5 7. d3 Be7 8. Bg2 O-O 9. O-O Qd6 10. b3 Nd4 11. Nxd4 exd4 12. Bb2 c6 13. e3 dxe3 14. fxe3 Qh6 15. Qf3 Be6 16. e4 Rad8 17. d4 Qg6 18. e5 Bd5 19. Qe2 Bxg2 20. Qxg2 Rd5 21. Rad1 Rfd8 22. Qf3 Qe6 23. Qh5 c5 24. dxc5 Bxc5+ 25. Kg2 Rd2+ 26. Rxd2 Rxd2+ 27. Kh1 Qd5+ 28. Rf3 Rxb2 29. Qf5 Rb1+ 30. Kg2 Qd2+ 31. Kh3 Qh6+ 32. Kg4 Qe6 33. Rd3 h5+ 0-1

[Event "Quebec Festival I"]
[Site "Quebec CAN"]
[Date "2005.06.13"]
[Round "1"]
[White "Drolet, Stephane"]
[Black "Lapointe, Daniel"]
[Result "1-0"]
[WhiteElo "2131"]
[BlackElo "1562"]
[PlyCount "37"]
[GameId "2160767910967928"]
[EventDate "2005.06.13"]
[EventType "swiss"]
[EventRounds "5"]
[EventCountry "CAN"]
[SourceTitle "EXT 2009"]
[Source "ChessBase"]
[SourceDate "2008.11.26"]
[SourceVersion "1"]
[SourceVersionDate "2008.11.26"]
[SourceQuality "1"]

1. d4 Nf6 2. Bg5 e6 3. Nd2 d5 4. e3 Be7 5. Bd3 Nbd7 6. f4 c5 7. c3 c4 8. Bc2 Nb6 9. Ngf3 Nfd7 10. O-O h6 11. Bxe7 Qxe7 12. Ne5 Nxe5 13. fxe5 Bd7 14. Qg4 O-O 15. Rf6 Kh8 16. Qh5 Kg8 17. Raf1 Be8 18. R1f3 Nd7 19. Rxh6 1-0

[Event "Quebec Festival I"]
[Site "Quebec CAN"]
[Date "2005.06.13"]
[Round "1"]
[White "Filion, Rene"]
[Black "Champetier, Serge"]
[Result "0-1"]
[WhiteElo "1541"]
[BlackElo "1981"]
[PlyCount "46"]
[GameId "2160767910967929"]
[EventDate "2005.06.13"]
[EventType "swiss"]
[EventRounds "5"]
[EventCountry "CAN"]
[SourceTitle "EXT 2009"]
[Source "ChessBase"]
[SourceDate "2008.11.26"]
[SourceVersion "1"]
[SourceVersionDate "2008.11.26"]
[SourceQuality "1"]

1. e4 c5 2. Nf3 d6 3. d4 cxd4 4. Nxd4 Nf6 5. Nc3 g6 6. f3 Bg7 7. Be3 O-O 8. Qd2 Nc6 9. Nb3 Be6 10. O-O-O a5 11. Bh6 a4 12. Bxg7 axb3 13. cxb3 Kxg7 14. h4 h5 15. Rg1 Qa5 16. Kb1 Rfc8 17. Bc4 Bxc4 18. bxc4 Ne5 19. b3 Qb4 20. Nd5 Nxd5 21. exd5 Rxc4 22. Qg5 Rxa2 23. Kxa2 Rc2+ 0-1

[Event "Quebec Festival I"]
[Site "Quebec CAN"]
[Date "2005.06.13"]
[Round "1"]
[White "Gaudreau, Eric"]
[Black "Tremblay, Rejean"]
[Result "0-1"]
[WhiteElo "1573"]
[BlackElo "2183"]
[PlyCount "41"]
[GameId "2160767910967930"]
[EventDate "2005.06.13"]
[EventType "swiss"]
[EventRounds "5"]
[EventCountry "CAN"]
[SourceTitle "EXT 2009"]
[Source "ChessBase"]
[SourceDate "2008.11.26"]
[SourceVersion "1"]
[SourceVersionDate "2008.11.26"]
[SourceQuality "1"]

1. Nf3 g6 2. g3 Bg7 3. Bg2 d6 4. c4 e5 5. Nc3 f5 6. d3 Nf6 7. O-O O-O 8. Rb1 a5 9. Qc2 Nc6 10. a3 h6 11. Nd5 Be6 12. Nxf6+ Qxf6 13. Bd2 a4 14. b4 axb3 15. Qxb3 Rfb8 16. Bc3 b5 17. Qc2 bxc4 18. dxc4 Rxb1 19. Rxb1 Rxa3 20. Rb7 Qf7 21. Qb2 0-1

[Event "Quebec Festival I"]
[Site "Quebec CAN"]
[Date "2005.06.20"]
[Round "2"]
[White "Beaudoin, Stephane"]
[Black "Gignac, Paul"]
[Result "1-0"]
[WhiteElo "2086"]
[BlackElo "1870"]
[PlyCount "65"]
[GameId "2160767910967931"]
[EventDate "2005.06.13"]
[EventType "swiss"]
[EventRounds "5"]
[EventCountry "CAN"]
[SourceTitle "EXT 2009"]
[Source "ChessBase"]
[SourceDate "2008.11.26"]
[SourceVersion "1"]
[SourceVersionDate "2008.11.26"]
[SourceQuality "1"]

1. e4 e5 2. Bc4 Nf6 3. d3 c6 4. Nf3 Be7 5. O-O d6 6. c3 O-O 7. Nbd2 Bg4 8. h3 Be6 9. Re1 Qc7 10. Bxe6 fxe6 11. Qb3 Qd7 12. d4 exd4 13. Nxd4 d5 14. exd5 exd5 15. N2f3 Bd6 16. c4 Na6 17. cxd5 Nxd5 18. Bd2 Nc5 19. Qc4 Rae8 20. Be3 Kh8 21. Rad1 Nxe3 22. fxe3 Ne4 23. b4 a6 24. a4 Bg3 25. Rf1 Qe7 26. Qb3 Rf6 27. b5 axb5 28. axb5 c5 29. Ne2 Bc7 30. Qd5 Nc3 31. Nxc3 Qxe3+ 32. Kh1 Qxc3 33. Qd7 1-0

[Event "Quebec Festival I"]
[Site "Quebec CAN"]
[Date "2005.06.20"]
[Round "2"]
[White "Benoit, Sebastien"]
[Black "Drolet, Stephane"]
[Result "0-1"]
[WhiteElo "1904"]
[BlackElo "2131"]
[PlyCount "60"]
[GameId "2160767910967932"]
[EventDate "2005.06.13"]
[EventType "swiss"]
[EventRounds "5"]
[EventCountry "CAN"]
[SourceTitle "EXT 2009"]
[Source "ChessBase"]
[SourceDate "2008.11.26"]
[SourceVersion "1"]
[SourceVersionDate "2008.11.26"]
[SourceQuality "1"]

1. e4 g6 2. d4 Bg7 3. Nc3 c6 4. Be3 d5 5. f3 a6 6. Qd2 b5 7. e5 h5 8. Bd3 Nh6 9. Nge2 a5 10. Nf4 Nf5 11. e6 Bxe6 12. Nxe6 fxe6 13. g4 Nh4 14. Qf2 hxg4 15. fxg4 Kd7 16. O-O-O Qf8 17. Qg3 Qf3 18. Rdf1 Qxg3 19. hxg3 Ng2 20. Rxh8 Nxe3 21. Rg8 Nxf1 22. Rxg7 Nxg3 23. Bxg6 Na6 24. Bf7 Rh8 25. b3 b4 26. Na4 Ne2+ 27. Kd2 Nxd4 28. Bh5 e5 29. Kd3 Ne6 30. Rf7 Nf4+ 0-1

[Event "Quebec Festival I"]
[Site "Quebec CAN"]
[Date "2005.06.20"]
[Round "2"]
[White "Tremblay, Rejean"]
[Black "Lessard, Claude"]
[Result "1-0"]
[WhiteElo "2183"]
[BlackElo "1939"]
[PlyCount "67"]
[GameId "2160767910967933"]
[EventDate "2005.06.13"]
[EventType "swiss"]
[EventRounds "5"]
[EventCountry "CAN"]
[SourceTitle "EXT 2009"]
[Source "ChessBase"]
[SourceDate "2008.11.26"]
[SourceVersion "1"]
[SourceVersionDate "2008.11.26"]
[SourceQuality "1"]

1. c4 Nf6 2. Nc3 d6 3. d4 g6 4. e4 Bg7 5. f3 O-O 6. Be3 Nbd7 7. Nh3 e5 8. d5 Nc5 9. Nf2 Ne8 10. g4 c6 11. dxc6 Qb6 12. cxb7 Bxb7 13. Qc2 f5 14. gxf5 gxf5 15. b4 fxe4 16. bxc5 dxc5 17. Rb1 Qc7 18. fxe4 Rf3 19. Qd2 Bc6 20. Bg2 Rd8 21. Nd5 Bxd5 22. cxd5 Rf7 23. O-O Nd6 24. Qc2 c4 25. Nd1 Rxf1+ 26. Bxf1 Rf8 27. Nc3 Qd7 28. Bg2 Bf6 29. Qa4 Qg4 30. Qxa7 Kh8 31. Bh6 Rg8 32. Qf2 Bd8 33. Kh1 Ba5 34. Qf6+ 1-0

[Event "Quebec Festival I"]
[Site "Quebec CAN"]
[Date "2005.06.27"]
[Round "3"]
[White "Auger, Bertrand"]
[Black "Tremblay, Rejean"]
[Result "0-1"]
[WhiteElo "1998"]
[BlackElo "2183"]
[PlyCount "72"]
[GameId "2160767910967934"]
[EventDate "2005.06.13"]
[EventType "swiss"]
[EventRounds "5"]
[EventCountry "CAN"]
[SourceTitle "EXT 2009"]
[Source "ChessBase"]
[SourceDate "2008.11.26"]
[SourceVersion "1"]
[SourceVersionDate "2008.11.26"]
[SourceQuality "1"]

1. Nf3 g6 2. d4 Bg7 3. c4 Nf6 4. g3 O-O 5. Bg2 d6 6. O-O Nbd7 7. b3 e5 8. e3 Re8 9. Bb2 e4 10. Nfd2 c6 11. Nc3 d5 12. Rc1 a6 13. Qc2 Nf8 14. a4 Bf5 15. h3 h5 16. b4 Qd7 17. Kh2 N8h7 18. Ne2 Ng5 19. Nf4 Nf3+ 20. Kh1 g5 21. Ne2 Bxh3 22. cxd5 cxd5 23. Nxf3 exf3 24. Bxf3 Bxf1 25. Rxf1 Rac8 26. Qb3 Qh3+ 27. Kg1 Qf5 28. Bg2 Qc2 29. Nc1 Bf8 30. b5 Qxb3 31. Nxb3 axb5 32. axb5 Rc2 33. Rb1 Ra8 34. Nc1 Rxb2 35. Rxb2 Ra1 36. Rc2 Ba3 0-1

[Event "Quebec Festival I"]
[Site "Quebec CAN"]
[Date "2005.06.27"]
[Round "3"]
[White "Coulon, Dominic"]
[Black "Beaudoin, Stephane"]
[Result "0-1"]
[WhiteElo "1748"]
[BlackElo "2086"]
[PlyCount "50"]
[GameId "2160767910967935"]
[EventDate "2005.06.13"]
[EventType "swiss"]
[EventRounds "5"]
[EventCountry "CAN"]
[SourceTitle "EXT 2009"]
[Source "ChessBase"]
[SourceDate "2008.11.26"]
[SourceVersion "1"]
[SourceVersionDate "2008.11.26"]
[SourceQuality "1"]

1. e4 e5 2. Nf3 Nc6 3. Bc4 Bc5 4. c3 Nf6 5. d4 exd4 6. cxd4 Bb4+ 7. Nc3 O-O 8. O-O Bxc3 9. bxc3 Nxe4 10. d5 Ne7 11. Re1 Nd6 12. Ba3 Ng6 13. Bxd6 cxd6 14. Qd4 b6 15. Re2 Bb7 16. Rae1 Rc8 17. Bd3 Qf6 18. Bxg6 hxg6 19. Qg4 Bxd5 20. Ng5 Rc4 21. Re4 Rxe4 22. Nxe4 Bxe4 23. Qxe4 Qxc3 24. h4 d5 25. Qe7 d4 0-1

[Event "Quebec Festival I"]
[Site "Quebec CAN"]
[Date "2005.06.27"]
[Round "3"]
[White "Lessard, Claude"]
[Black "Cournoyer, Dominic"]
[Result "1-0"]
[WhiteElo "1939"]
[BlackElo "1548"]
[PlyCount "83"]
[GameId "2160767910967936"]
[EventDate "2005.06.13"]
[EventType "swiss"]
[EventRounds "5"]
[EventCountry "CAN"]
[SourceTitle "EXT 2009"]
[Source "ChessBase"]
[SourceDate "2008.11.26"]
[SourceVersion "1"]
[SourceVersionDate "2008.11.26"]
[SourceQuality "1"]

1. d4 d5 2. Nf3 e6 3. g3 c5 4. c3 cxd4 5. cxd4 g6 6. Bg2 Bg7 7. O-O Nf6 8. Bf4 O-O 9. Qc1 Nc6 10. Bh6 Qb6 11. Bxg7 Kxg7 12. Nc3 Nxd4 13. Nxd4 Qxd4 14. Rd1 Qc5 15. Qg5 Nd7 16. Rac1 f6 17. Qd2 Qe7 18. e4 dxe4 19. Nxe4 Ne5 20. Nd6 Rb8 21. Qb4 Kg8 22. Qb3 Rd8 23. Nxc8 Rbxc8 24. Rxd8+ Rxd8 25. Bxb7 Rd3 26. Qb5 Rd6 27. Bg2 Rb6 28. Qa5 Nd3 29. Rc8+ Kg7 30. b3 Rd6 31. Bc6 Kh6 32. Rc7 Qd8 33. Qxa7 Qh8 34. Qe3+ g5 35. Be4 f5 36. Bxd3 Qa1+ 37. Kg2 Qd1 38. h4 Qh5 39. hxg5+ Kg6 40. Qe5 Qd1 41. Rg7+ Kh5 42. Be2+ 1-0

[Event "Quebec Festival I"]
[Site "Quebec CAN"]
[Date "2005.06.27"]
[Round "3"]
[White "Masse, Hugues"]
[Black "Glode, Martin"]
[Result "1-0"]
[WhiteElo "2255"]
[BlackElo "1779"]
[PlyCount "103"]
[GameId "2160767910967937"]
[EventDate "2005.06.13"]
[EventType "swiss"]
[EventRounds "5"]
[EventCountry "CAN"]
[SourceTitle "EXT 2009"]
[Source "ChessBase"]
[SourceDate "2008.11.26"]
[SourceVersion "1"]
[SourceVersionDate "2008.11.26"]
[SourceQuality "1"]

1. d4 d5 2. c4 e6 3. Nc3 c6 4. Nf3 Nf6 5. e3 Nbd7 6. Bd3 dxc4 7. Bxc4 b5 8. Be2 Bd6 9. O-O O-O 10. Qc2 Bb7 11. e4 e5 12. dxe5 Nxe5 13. Nxe5 Bxe5 14. f4 Bd4+ 15. Kh1 b4 16. e5 bxc3 17. bxc3 Bb6 18. exf6 Qxf6 19. Bb2 Rfd8 20. Rab1 c5 21. c4 Qg6 22. Qxg6 hxg6 23. Bc3 Be4 24. Rbe1 Bd3 25. Kg1 Bxe2 26. Rxe2 Rd3 27. Bb2 Rad8 28. Kf2 Kf8 29. Rfe1 Ba5 30. Rb1 f6 31. g3 Rb8 32. Rc1 Rbd8 33. Rcc2 Kf7 34. Kg2 R8d6 35. Kf2 Rd8 36. Kg2 R8d6 37. Kf2 Rd8 38. Bc1 Rh8 39. Kg2 Rhd8 40. Be3 Bb4 41. Bf2 R8d6 42. Re3 Rxe3 43. Bxe3 Rd3 44. Kf2 Ke6 45. Ke2 Rd6 46. a3 Bxa3 47. Ra2 Bb4 48. Rxa7 Rd7 49. Ra8 Kf5 50. Rc8 Kg4 51. Kf2 Kh3 52. Kf3 1-0

[Event "Quebec Festival I"]
[Site "Quebec CAN"]
[Date "2005.07.04"]
[Round "4"]
[White "Arteau, Benoit"]
[Black "Auger, Bertrand"]
[Result "0-1"]
[WhiteElo "1940"]
[BlackElo "1998"]
[PlyCount "46"]
[GameId "2160767910967938"]
[EventDate "2005.06.13"]
[EventType "swiss"]
[EventRounds "5"]
[EventCountry "CAN"]
[SourceTitle "EXT 2009"]
[Source "ChessBase"]
[SourceDate "2008.11.26"]
[SourceVersion "1"]
[SourceVersionDate "2008.11.26"]
[SourceQuality "1"]

1. d4 e6 2. c4 Nf6 3. Nc3 Bb4 4. Qc2 O-O 5. Bg5 c5 6. dxc5 Qa5 7. Bxf6 gxf6 8. Nf3 Na6 9. e3 Nxc5 10. Bd3 Nxd3+ 11. Qxd3 b6 12. O-O Bxc3 13. bxc3 Ba6 14. Qd4 Qf5 15. Qxd7 Rfd8 16. Qa4 Bb7 17. Nd4 Qe4 18. Nf3 Rd5 19. Kh1 Rg5 20. Rg1 Qxf3 21. gxf3 Bxf3+ 22. Rg2 Bxg2+ 23. Kg1 Bc6+ 0-1

[Event "Quebec Festival I"]
[Site "Quebec CAN"]
[Date "2005.07.04"]
[Round "4"]
[White "Bluteau, Yvon"]
[Black "Bonneau, Daniel"]
[Result "0-1"]
[WhiteElo "1747"]
[BlackElo "1944"]
[PlyCount "110"]
[GameId "2160767910967939"]
[EventDate "2005.06.13"]
[EventType "swiss"]
[EventRounds "5"]
[EventCountry "CAN"]
[SourceTitle "EXT 2009"]
[Source "ChessBase"]
[SourceDate "2008.11.26"]
[SourceVersion "1"]
[SourceVersionDate "2008.11.26"]
[SourceQuality "1"]

1. d4 Nf6 2. Nf3 g6 3. Nc3 Bg7 4. Bf4 d6 5. Qd2 c6 6. Bh6 O-O 7. Bxg7 Kxg7 8. e3 Nbd7 9. Be2 e5 10. dxe5 dxe5 11. O-O-O Qe7 12. Qd6 Qxd6 13. Rxd6 Re8 14. h3 Nc5 15. Nd2 Be6 16. b4 Ncd7 17. Nde4 h6 18. Rhd1 Kf8 19. Nxf6 Nxf6 20. e4 Ke7 21. f3 Red8 22. Rxd8 Rxd8 23. Rxd8 Kxd8 24. a3 Kc7 25. Kd2 Kd6 26. Nd1 Nh5 27. Ne3 Nf4 28. Bf1 f6 29. Kc3 c5 30. Bc4 b6 31. Bxe6 Kxe6 32. Kc4 cxb4 33. Kxb4 a6 34. Nc4 Nxg2 35. Nxb6 Ne1 36. c4 Nxf3 37. Ka5 Ng5 38. Kxa6 Nxe4 39. Kb7 Kd6 40. Nd5 f5 41. Kb6 f4 42. a4 g5 43. a5 Nc5 44. Nb4 f3 45. a6 Nxa6 46. Nxa6 f2 47. c5+ Kd5 48. Nb4+ Ke4 49. c6 f1=Q 50. c7 Qxh3 51. Nc6 Qe6 52. Kb7 g4 53. Nd8 Qd7 54. Kb8 g3 55. Nb7 Qxc7+ 0-1

[Event "Quebec Festival I"]
[Site "Quebec CAN"]
[Date "2005.07.04"]
[Round "4"]
[White "Cournoyer, Dominic"]
[Black "Lalonde, Stephane"]
[Result "1-0"]
[WhiteElo "1548"]
[BlackElo "1481"]
[PlyCount "57"]
[GameId "2160767910967941"]
[EventDate "2005.06.13"]
[EventType "swiss"]
[EventRounds "5"]
[EventCountry "CAN"]
[SourceTitle "EXT 2009"]
[Source "ChessBase"]
[SourceDate "2008.11.26"]
[SourceVersion "1"]
[SourceVersionDate "2008.11.26"]
[SourceQuality "1"]

1. c4 Nf6 2. Nf3 e6 3. Nc3 d5 4. cxd5 exd5 5. d4 Bb4 6. a3 Ba5 7. b4 Bb6 8. g3 c6 9. Bg2 Bf5 10. O-O Nbd7 11. b5 O-O 12. bxc6 bxc6 13. Bf4 Re8 14. Rc1 Bc7 15. Bxc7 Qxc7 16. Nh4 Be6 17. Nf3 Nb6 18. Ne5 Nfd7 19. Nb5 Qd8 20. Nxc6 Qf6 21. Nc7 Nc4 22. Nxa8 Rxa8 23. Nb4 Ndb6 24. Nxd5 Bxd5 25. Bxd5 Rc8 26. Bxc4 Nxc4 27. Qd3 Qe6 28. d5 Qa6 29. Rc3 1-0

[Event "Quebec Festival I"]
[Site "Quebec CAN"]
[Date "2005.07.04"]
[Round "4"]
[White "Lessard, Claude"]
[Black "Coulon, Dominic"]
[Result "1-0"]
[WhiteElo "1939"]
[BlackElo "1748"]
[PlyCount "29"]
[GameId "2160767910967942"]
[EventDate "2005.06.13"]
[EventType "swiss"]
[EventRounds "5"]
[EventCountry "CAN"]
[SourceTitle "EXT 2009"]
[Source "ChessBase"]
[SourceDate "2008.11.26"]
[SourceVersion "1"]
[SourceVersionDate "2008.11.26"]
[SourceQuality "1"]

1. d4 f5 2. e4 fxe4 3. f3 exf3 4. Nxf3 Nf6 5. Bd3 d6 6. Bg5 Nbd7 7. O-O g6 8. Qe2 Bg7 9. Re1 Nb6 10. h3 e6 11. Nbd2 O-O 12. Nh4 Nh5 13. Bxd8 Bxd4+ 14. Kh2 Be5+ 15. Qxe5 1-0

[Event "Quebec Festival I"]
[Site "Quebec CAN"]
[Date "2005.07.04"]
[Round "4"]
[White "Tremblay, Rejean"]
[Black "Laflamme, Simon"]
[Result "1-0"]
[WhiteElo "2183"]
[BlackElo "1961"]
[PlyCount "81"]
[GameId "2160767910967943"]
[EventDate "2005.06.13"]
[EventType "swiss"]
[EventRounds "5"]
[EventCountry "CAN"]
[SourceTitle "EXT 2009"]
[Source "ChessBase"]
[SourceDate "2008.11.26"]
[SourceVersion "1"]
[SourceVersionDate "2008.11.26"]
[SourceQuality "1"]

1. d4 Nf6 2. c4 g6 3. Nc3 Bg7 4. e4 d6 5. Nf3 O-O 6. Be2 e5 7. O-O Nc6 8. d5 Ne7 9. b4 Nh5 10. Re1 a5 11. Ba3 axb4 12. Bxb4 Nf4 13. Bf1 f5 14. Qb3 fxe4 15. Nxe4 Bg4 16. Nfg5 h6 17. h3 Bd7 18. Nf3 Ba4 19. Qc3 b6 20. g3 Nh5 21. Bg2 Nf6 22. Nfd2 Nf5 23. Nxf6+ Bxf6 24. Be4 Nd4 25. Nf3 Bd7 26. Nxd4 exd4 27. Qd3 g5 28. Bf5 Be5 29. Rxe5 dxe5 30. Bxf8 Kxf8 31. Qe4 Bxf5 32. Qxf5+ Kg7 33. Qxe5+ Qf6 34. Qxc7+ Kg8 35. Qc6 Qxc6 36. dxc6 Ra4 37. Rc1 Rxa2 38. Rd1 Ra7 39. Rxd4 Rc7 40. Rd6 Kg7 41. Rd7+ 1-0

[Event "Quebec Festival I"]
[Site "Quebec CAN"]
[Date "2005.07.11"]
[Round "5"]
[White "Auger, Bertrand"]
[Black "Lessard, Claude"]
[Result "0-1"]
[WhiteElo "1998"]
[BlackElo "1943"]
[PlyCount "88"]
[GameId "2160767910967944"]
[EventDate "2005.06.13"]
[EventType "swiss"]
[EventRounds "5"]
[EventCountry "CAN"]
[SourceTitle "EXT 2009"]
[Source "ChessBase"]
[SourceDate "2008.11.26"]
[SourceVersion "1"]
[SourceVersionDate "2008.11.26"]
[SourceQuality "1"]

1. d4 Nf6 2. Nf3 g6 3. g3 Bg7 4. Bg2 O-O 5. O-O d6 6. c4 c6 7. Nc3 Na6 8. e4 Bg4 9. h3 Bxf3 10. Qxf3 Nd7 11. Be3 Qa5 12. Qe2 e5 13. Rad1 Rad8 14. dxe5 dxe5 15. f4 exf4 16. gxf4 Ndc5 17. e5 f6 18. f5 fxe5 19. fxg6 hxg6 20. Qg4 Qc7 21. b4 Rxf1+ 22. Rxf1 Nd3 23. Qxg6 Nf4 24. Qg4 Nxg2 25. Qe6+ Kh8 26. Kxg2 Qd7 27. Qxd7 Rxd7 28. Ne4 Nxb4 29. Bxa7 b5 30. cxb5 Rxa7 31. b6 Rb7 32. Nd6 Rxb6 33. Rf7 Kg8 34. Rd7 c5 35. a3 Nd5 36. h4 Rb3 37. a4 Nf4+ 38. Kf1 Ra3 39. Ne8 Bh8 40. h5 Nxh5 41. Rc7 e4 42. Rxc5 Nf4 43. Rg5+ Kh7 44. Rf5 Rf3+ 0-1

[Event "Quebec Festival I"]
[Site "Quebec CAN"]
[Date "2005.07.11"]
[Round "5"]
[White "Champetier, Serge"]
[Black "Arteau, Benoit"]
[Result "1-0"]
[WhiteElo "1981"]
[BlackElo "1940"]
[PlyCount "65"]
[GameId "2160767910967945"]
[EventDate "2005.06.13"]
[EventType "swiss"]
[EventRounds "5"]
[EventCountry "CAN"]
[SourceTitle "EXT 2009"]
[Source "ChessBase"]
[SourceDate "2008.11.26"]
[SourceVersion "1"]
[SourceVersionDate "2008.11.26"]
[SourceQuality "1"]

1. d4 Nf6 2. c4 e6 3. Nf3 b6 4. g3 Bb7 5. Bg2 c5 6. d5 exd5 7. Nh4 Be7 8. Nc3 Na6 9. O-O O-O 10. Nf5 Nc7 11. cxd5 d6 12. a4 Re8 13. e4 Bf8 14. Bg5 h6 15. Bf4 Bc8 16. g4 Kh7 17. g5 hxg5 18. Bxg5 g6 19. Ne3 Bh6 20. f4 Qe7 21. Qf3 Kg7 22. Bh4 Qf8 23. e5 dxe5 24. Bxf6+ Kxf6 25. fxe5+ Kg7 26. d6 Ba6 27. Ng4 Bxf1 28. Rxf1 Ne6 29. Qf6+ Kh7 30. Bxa8 Rxa8 31. Nd5 Nd8 32. Qh4 g5 33. Qh5 1-0

[Event "Quebec Festival I"]
[Site "Quebec CAN"]
[Date "2005.07.11"]
[Round "5"]
[White "Cournoyer, Dominic"]
[Black "Levasseur, Sylvain"]
[Result "1/2-1/2"]
[WhiteElo "1548"]
[BlackElo "1796"]
[PlyCount "113"]
[GameId "2160767910967946"]
[EventDate "2005.06.13"]
[EventType "swiss"]
[EventRounds "5"]
[EventCountry "CAN"]
[SourceTitle "EXT 2009"]
[Source "ChessBase"]
[SourceDate "2008.11.26"]
[SourceVersion "1"]
[SourceVersionDate "2008.11.26"]
[SourceQuality "1"]

1. c4 Nf6 2. Nf3 c5 3. g3 g6 4. Bg2 Bg7 5. O-O O-O 6. Nc3 Nc6 7. e3 d6 8. h3 Bd7 9. d4 cxd4 10. exd4 Qc8 11. Kh2 e5 12. dxe5 dxe5 13. Re1 Rd8 14. Qe2 Ne8 15. Nd5 Nc7 16. Bg5 Re8 17. Nf6+ Bxf6 18. Bxf6 Re6 19. Bg5 f6 20. Be3 Re8 21. Nd2 Kg7 22. Ne4 Rf8 23. Bc5 Rd8 24. Nd6 Qb8 25. Rf1 Ne6 26. Ba3 Ncd4 27. Qd3 Bc6 28. Bxc6 Nxc6 29. Rad1 Ncd4 30. Ne4 Qc7 31. Qc3 Rac8 32. Rd3 Qc6 33. Nd2 Rd7 34. f3 Rcd8 35. Rf2 Ng5 36. Nb3 Ndxf3+ 37. Rdxf3 Nxf3+ 38. Qxf3 e4 39. Qf4 Rd3 40. Be7 f5 41. Qe5+ Kg8 42. Bxd8 Rxd8 43. Nd4 Qxc4 44. Qe6+ Qxe6 45. Nxe6 Rd5 46. Nf4 Rd1 47. Kg2 Kf7 48. g4 g5 49. gxf5 gxf4 50. Rxf4 Rd2+ 51. Kg3 Rxb2 52. Rxe4 Rxa2 53. Rc4 Rb2 54. Rc7+ Kf6 55. Rxh7 Kxf5 56. h4 a5 57. Rh5+ 1/2-1/2

[Event "Quebec Festival I"]
[Site "Quebec CAN"]
[Date "2005.07.11"]
[Round "5"]
[White "Laflamme, Simon"]
[Black "Gaudreau, Eric"]
[Result "1-0"]
[WhiteElo "1961"]
[BlackElo "1573"]
[PlyCount "47"]
[GameId "2160767910967947"]
[EventDate "2005.06.13"]
[EventType "swiss"]
[EventRounds "5"]
[EventCountry "CAN"]
[SourceTitle "EXT 2009"]
[Source "ChessBase"]
[SourceDate "2008.11.26"]
[SourceVersion "1"]
[SourceVersionDate "2008.11.26"]
[SourceQuality "1"]

1. e4 e5 2. Nf3 Nc6 3. d4 exd4 4. Bc4 Bc5 5. O-O Nf6 6. e5 d5 7. exf6 dxc4 8. Re1+ Kf8 9. Bg5 gxf6 10. Bh6+ Kg8 11. Nbd2 d3 12. Nxc4 b5 13. Qxd3 Be6 14. Qe4 Qd5 15. Qh4 Qf5 16. Ne3 Qg6 17. Red1 Bf8 18. Bf4 Be7 19. Bxc7 Rc8 20. Qf4 Bc5 21. c3 Kg7 22. Nd5 Bxd5 23. Rxd5 Be7 24. Nh4 1-0

[Event "Quebec Festival I"]
[Site "Quebec CAN"]
[Date "2005.07.11"]
[Round "5"]
[White "Masse, Hugues"]
[Black "Tremblay, Rejean"]
[Result "1-0"]
[WhiteElo "2255"]
[BlackElo "2183"]
[PlyCount "131"]
[GameId "2160767910967948"]
[EventDate "2005.06.13"]
[EventType "swiss"]
[EventRounds "5"]
[EventCountry "CAN"]
[SourceTitle "EXT 2009"]
[Source "ChessBase"]
[SourceDate "2008.11.26"]
[SourceVersion "1"]
[SourceVersionDate "2008.11.26"]
[SourceQuality "1"]

1. d4 Nf6 2. c4 g6 3. Nc3 Bg7 4. e4 d6 5. Nf3 O-O 6. Be2 e5 7. Be3 exd4 8. Nxd4 Re8 9. f3 Nbd7 10. O-O a5 11. Qd2 Nc5 12. Rfd1 Nfd7 13. Ndb5 Na6 14. Bd4 Ne5 15. Be3 Be6 16. b3 Rf8 17. Bg5 f6 18. Bh4 Rf7 19. Bf1 Nc5 20. Nd4 Bd7 21. Bg3 Qf8 22. f4 Bh6 23. Qc2 Nc6 24. Ndb5 Bg4 25. Re1 Re8 26. Nd5 Nb4 27. Nxb4 axb4 28. a3 bxa3 29. b4 Ne6 30. f5 Ng5 31. h4 Nxe4 32. Rxe4 Bxf5 33. Rxe8 Qxe8 34. Qc3 Re7 35. Rxa3 Re3 36. Qa1 Qe4 37. Bf2 Rxa3 38. Qxa3 Be6 39. Qd3 Qxd3 40. Bxd3 c5 41. bxc5 dxc5 42. Bxc5 Bf4 43. Kf2 g5 44. g3 Be5 45. Bd4 gxh4 46. Bxe5 fxe5 47. gxh4 Kf7 48. Nd6+ Kf6 49. Nxb7 e4 50. Be2 Kf5 51. Ke3 Ke5 52. Nc5 Bf5 53. Bh5 h6 54. Bf7 Bh7 55. Bd5 Bg6 56. Nxe4 Bf5 57. Nf2 Bc8 58. Be4 Bd7 59. Nd3+ Kd6 60. Kd4 Ke7 61. Ke5 Be6 62. Bf3 Ke8 63. Kf6 h5 64. Nf4 Bf7 65. Nxh5 Bg6 66. Be4 1-0